|
|
|
|
| LEADER |
00754pam a22002658a 4500 |
| 001 |
00024906 |
| 005 |
20171026081022.0 |
| 008 |
110725s2000 ||||||viesd |
| 020 |
|
|
|c 34700
|
| 041 |
0 |
# |
|a vie
|
| 082 |
1 |
4 |
|a 541
|b PH121T
|
| 100 |
1 |
# |
|a Hồ Viết Quý
|
| 245 |
1 |
0 |
|a Phân tích Lí - Hóa
|c Hồ Viết Quý
|
| 260 |
# |
# |
|a H.
|b Giáo dục
|c 2000
|
| 300 |
# |
# |
|a 568tr.
|c 21cm.
|b hình vẽ
|
| 653 |
# |
# |
|a Giáo trình
|
| 653 |
# |
# |
|a Phương pháp phân tích
|
| 653 |
# |
# |
|a Lý
|
| 653 |
# |
# |
|a Hóa
|
| 852 |
# |
# |
|j KD.0010300
|j KM.0032847
|
| 852 |
# |
# |
|b Kho đọc
|j KD.0010300
|
| 910 |
0 |
# |
|a Ntuyet
|d 25/07/2011
|
| 980 |
# |
# |
|a Trung tâm Học liệu Lê Vũ Hùng, Trường Đại học Đồng Tháp
|